History Quiz

Random History or Politics Quiz

Worldwide Referenda Quiz Stats

 Plays Quiz Updated Nov 7, 2015

Challenge
Share
Tweet
Score 0/16 Timer 10:00
4 Plays Today
% Correct
1973 Northern Ireland sovereignty referendum
96%
1967 Australian referendum on Aboriginals
90.2%
1979 Iranian Islamic Republic referendum 1979
88.1%
1995 Quebec independence referendum
82.9%
1975 UK EEC membership referendum
82.1%
2002 Gibraltar sovereignty referendum
75.4%
1988 Chilean national plebiscite
72.6%
2014 Scottish Independence referendum
72.1%
% Correct
1962 Singaporean national referendum
62.2%
2012 Puerto Rico status referendum
62.2%
1999 East Timorese independence referendum
57.8%
2011 South Sudanese independence referendum
55.7%
2013 Falkland Islands sovereignty referendum
52.9%
1995 Irish Fifteenth Constitutional Amendment referendum
41.2%
2012 Croatian EU membership referendum
40.5%
2006 Montenegrin independence referendum
33.5%

You're not logged in!

Compare scores with friends on all Sporcle quizzes.
OR
Log In

You Might Also Like...

Show Comments

Extras

Top Quizzes Today


Score Distribution

Your Account Isn't Verified!

In order to create a playlist on Sporcle, you need to verify the email address you used during registration. Go to your Sporcle Settings to finish the process.

Report this User

Report this user for behavior that violates our Community Guidelines.

Details: